000 01096cam a22002531 4500
001 po 30000066
003 DLC
005 20260227111858.0
008 740913s1860 fr a 000 0 fre c
010 _apo 30000066
035 _a(OCoLC)1007584
040 _aU.S. Patent Office. Libr.
_cTxDW
_dOCoLC
_dDLC
041 0 _afreita
050 0 0 _aGT513
_b.V43
100 1 _aVecellio, Cesare,
_dapproximately 1530-1600.
245 1 0 _aCostumes anciens et modernes,
_bhabiti antichi et moderni di tutto il mundo,
_cdi Cesare Vecellio, précédés d'un essai sur la gravure sur bois, par m. Amb. Firmin Didot.
260 _aParis,
_bFirmin Didot frères fils & cie,
_c1860.
300 _a2 v.
_billus.
_c23 cm.
500 _aTitle, illustrations, and text within ornamental borders.
500 _aThe work consists of 513 full page woodcut illustrations accompanied by short descriptive text in Italian and French, on opposite versos and rectos.
500 _a"Avis sur la IVe édition": prelim. p. [5]-9, in [t. 1]
650 0 _aClothing and dress.
700 2 _aFirmin-Didot, Ambroise,
_d1790-1876.
999 _c51665
_d51665